banner-ar

MEDICAL MICROBIOLOGY / (Record no. 19864)

MARC details
000 -الفاتح
حقل البيانات ثابتة الطول 00489nam a2200193Ia 4500
008 - عناصر البيانات ثابتة الطول - معلومات عامة
حقل البيانات ثابتة الطول 140319s9999 xx 000 0 eng d
040 ## - مصدر الفهرسة
وكالة الفهرسة الأصلية GCL /
وكالة النسخ GCL
082 04 - رقم تصنيف ديوى العشرى
رقم التصنيف 616.01
رقم المادة J M
100 1# - المدخل الرئيسى - إسم شخصى
الإسم الشخصى JAWETZ, ERNEST
245 10 - بيان العنوان
العنوان MEDICAL MICROBIOLOGY /
بيان المسئوليه,etc JAWETZ, ERNEST
700 1# - المدخل الاضافى - اسم شخصى
الإسم الشخصى MELNICK, JOSEPH L.
700 1# - المدخل الاضافى - اسم شخصى
الإسم الشخصى ADELBERG, EDWARD
260 ## - PUBLICATION, DISTRIBUTION, ETC. (IMPRINT)
تاريخ النشر أو التوزيع 1991
300 ## - الوصف المادى
التعداد 632 P
650 04 - المدخل الاضافى بالموضوع-مصطلح موضوعى
مصطلح موضوعي BIOLOGY
650 04 - المدخل الاضافى بالموضوع-مصطلح موضوعى
مصطلح موضوعي MICROBIOLOGY
942 ## - عناصر المدخل الإضافي( كوها)
مصدر التصنيف او مخطط الترفيف Dewey Decimal Classification
Koha [default] item type كتاب
260 ## - PUBLICATION, DISTRIBUTION, ETC. (IMPRINT)
-- [S.N] :
-- LIBRAIRIE DU LIBAN ،
Holdings
حالة التراجع حالة الفقد حالة تلف ليس للاعارة المكان المؤقت الموقع الحالى تاريخ الاكتساب اجمالي اﻻعارات رقم الطلب الباركود تاريخ اخر مشاهدة تاريخ تفعيل السعر نوع وعاء كوها
        مكتبة القاهرة الكبرى مكتبة القاهرة الكبرى 03/26/2014   616.01\J M 37601 03/26/2014 03/26/2014 كتاب

Powered By

EGPV